[Event "DEM U12w 2017"]
[Site "Willingen GER"]
[Date "2017.06.09"]
[Round "10"]
[White "Schulz, Hannah"]
[Black "Wiemann, Vanessa"]
[Result "1/2-1/2"]
[Termination "normal"]
[Board "12"]
[WhiteElo "1218"]
[BlackElo "1305"]
[PlyCount "165"]
[WhiteFideId "16244745"]
[BlackFideId "12942987"]
[EventCountry "GER"]
[EventRounds "11"]
[EventType "swiss"]
[EventDate "2017.06.03"]

1. e4 e5 2. Nf3 Nc6 3. Bb5 a6 4. Ba4 Nf6 5. O-O b5 6. Bb3 Bc5 7. Re1 O-O 8. c3
d6 9. h3 Bb6 10. d4 Bb7 11. Bg5 h6 12. Bh4 Re8 13. Qd3 Qe7 14. Nbd2 Nb8 15. Bc2
Nbd7 16. Re3 c5 17. d5 c4 18. Qe2 Bxe3 19. Qxe3 Nc5 20. Nf1 Bc8 21. b3 cxb3 22.
axb3 Ncd7 23. Bd3 Bb7 24. Ng3 Qf8 25. Nf5 Nh5 26. g3 Nhf6 27. g4 Kh7 28. Bxf6
Nxf6 29. Qb6 Rab8 30. Qxd6 Qxd6 31. Nxd6 Re7 32. Nxb7 Rbxb7 33. Rxa6 Nd7 34.
Rc6 f6 35. Kg2 Nf8 36. Rc5 b4 37. c4 Ng6 38. Bf1 Nf4+ 39. Kg3 Kg8 40. Rc8+ Kf7
41. c5 Rec7 42. Rxc7+ Rxc7 43. c6 Ke7 44. Ne1 Kd6 45. Nc2 Kc5 46. Kf3 Ng6 47.
Ke3 Ne7 48. Kf3 Nc8 49. Kg3 Nd6 50. f3 g5 51. h4 Nf7 52. h5 Nd6 53. Kf2 Rc8 54.
Ke2 Nb5 55. Kd3 Na3 56. Ne3 Nb5 57. Kc2 Nd4+ 58. Kb2 Nxf3 59. Nf5 Rh8 60. Ba6
Kb6 61. Bb7 Nd4 62. Nxd4 exd4 63. Kc2 Re8 64. Kd3 Kc7 65. Kxd4 Kd6 66. Kd3 Kc7
67. Ke3 Kd6 68. Kd4 Kc7 69. Kc5 Re5 70. Kd4 Kd6 71. Kd3 Kc7 72. Kd4 Kd6 73. Kd3
Re7 74. Kd4 Re8 75. Kd3 Re7 76. Kd4 Re8 77. Kd3 Re7 78. Kd4 Re8 79. Kd3 Re5 80.
Kd4 Re8 81. Kd3 Re7 82. Kd4 Re5 83. Kd3 1/2-1/2

[Event "DEM U12w 2017"]
[Site "Willingen GER"]
[Date "2017.06.09"]
[Round "10"]
[White "Hentschel, Lena"]
[Black "Jünk, Ellen"]
[Result "0-1"]
[Termination "normal"]
[Board "13"]
[WhiteElo "1305"]
[BlackElo "1446"]
[PlyCount "154"]
[WhiteFideId "16240324"]
[BlackFideId "16206487"]
[EventCountry "GER"]
[EventRounds "11"]
[EventType "swiss"]
[EventDate "2017.06.03"]

1. e4 e5 2. Nf3 Nc6 3. Bc4 Bc5 4. c3 Nf6 5. d3 d6 6. h3 Na5 7. Bb5+ c6 8. Ba4
b5 9. Bc2 Nb7 10. b4 Bb6 11. O-O h6 12. Re1 O-O 13. Nbd2 Be6 14. Nf1 Re8 15.
Ng3 a5 16. Bb2 axb4 17. cxb4 Bxa2 18. Nf5 Be6 19. N3h4 Kh7 20. Qd2 Nh5 21. Bd1
Nf4 22. Rxa8 Qxa8 23. Nxd6 Nxd6 24. Bxe5 Nxh3+ 25. gxh3 Qd8 26. Qf4 Nb7 27. Qg3
f6 28. Qg6+ Kh8 29. Bf4 Rg8 30. Bc2 Bxh3 31. Re2 Qd4 32. Kh2 Be6 33. Bxh6 Bc7+
34. f4 Qd7 35. Nf5 Bxf5 36. exf5 gxh6 37. Qxh6+ Qh7 38. Qxh7+ Kxh7 39. Re7+ Rg7
40. Re4 Rd7 41. Kg3 c5 42. bxc5 Nxc5 43. Re3 b4 44. Kg4 b3 45. Bb1 Bd6 46. Rh3+
Kg7 47. Re3 b2 48. Kg3 Ra7 49. Kf3 Ra1 50. Re1 Nxd3 51. Rg1+ Kf7 52. Rd1 Ke7
53. Ke3 Nxf4 54. Ke4 Be5 55. Kf3 Ra4 56. Ke3 Ra3+ 57. Ke4 Ne2 58. Rd3 Rxd3 59.
Kxd3 Nc3 60. Kc2 Nxb1 61. Kxb1 Kd6 62. Kc2 Kd5 63. Kb1 Ke4 64. Kc2 Kxf5 65. Kb1
Ke4 66. Ka2 f5 67. Kb1 f4 68. Kc2 f3 69. Kd2 f2 70. Ke2 b1=Q 71. Kxf2 Qd3 72.
Kg2 Qf3+ 73. Kg1 Bd4+ 74. Kh2 Qf2+ 75. Kh3 Qg1 76. Kh4 Kf4 77. Kh5 Qg5# 0-1

[Event "DEM U12w 2017"]
[Site "Willingen GER"]
[Date "2017.06.09"]
[Round "10"]
[White "Schneider, Anna"]
[Black "Adelhardt, Lisa"]
[Result "1-0"]
[Termination "normal"]
[Board "14"]
[WhiteElo "1412"]
[BlackElo "1324"]
[PlyCount "120"]
[WhiteFideId "16200527"]
[BlackFideId "16235380"]
[EventCountry "GER"]
[EventRounds "11"]
[EventType "swiss"]
[EventDate "2017.06.03"]

1. e4 e6 2. d4 d5 3. exd5 exd5 4. Nf3 Bf5 5. c4 c6 6. Nc3 Nf6 7. Bf4 Bd6 8. Be5
dxc4 9. Bxc4 O-O 10. O-O Bg4 11. Qd3 Bxf3 12. Qxf3 Bxe5 13. dxe5 Nfd7 14. Rfe1
Qe7 15. Bb3 Nc5 16. Bc4 Nbd7 17. Qg3 Nb6 18. Bb3 Nxb3 19. axb3 Qe6 20. Ne4 Nd5
21. Nd6 b6 22. Rac1 c5 23. Rcd1 Rad8 24. Nb5 a6 25. Nc3 Nxc3 26. Qxc3 Rxd1 27.
Rxd1 Rb8 28. h3 h6 29. Qg3 Re8 30. f4 Rb8 31. Rd6 Qf5 32. Rxh6 Qb1+ 33. Kh2
Qxb2 34. Qg5 Qxb3 35. f5 Qc4 36. Rh4 Qd3 37. Qh5 Kf8 38. Qh8+ Ke7 39. Qxb8 Qxf5
40. Qc7+ Qd7 41. Qxb6 Qd5 42. Qd6+ Qxd6 43. exd6+ Kxd6 44. Ra4 Kd5 45. Rxa6 Kd4
46. Kg1 Kd3 47. Ra7 c4 48. Rxf7 c3 49. Rxg7 c2 50. Rc7 Kd2 51. h4 c1=Q+ 52.
Rxc1 Kxc1 53. h5 Kd2 54. h6 Ke3 55. h7 Kf4 56. h8=Q Kg3 57. Qh3+ Kf4 58. Qf3+
Kg5 59. Kf2 Kh4 60. Ke3 Kg5 1-0

[Event "DEM U12w 2017"]
[Site "Willingen GER"]
[Date "2017.06.09"]
[Round "10"]
[White "Becker, Linda"]
[Black "Erdösi, Anna"]
[Result "0-1"]
[Termination "normal"]
[Board "15"]
[WhiteElo "1142"]
[BlackElo "1321"]
[PlyCount "58"]
[WhiteFideId "16244753"]
[BlackFideId "12993883"]
[EventCountry "GER"]
[EventRounds "11"]
[EventType "swiss"]
[EventDate "2017.06.03"]

1. e4 c5 2. c3 d5 3. exd5 Qxd5 4. d4 Nc6 5. Be3 e5 6. Ne2 b6 7. dxc5 Qxd1+ 8.
Kxd1 Bxc5 9. Bxc5 bxc5 10. Nd2 Nf6 11. Kc2 Bf5+ 12. Kd1 O-O 13. Ng3 Bg6 14. Bb5
Na5 15. Kc1 Rab8 16. Be2 Rfd8 17. Rd1 Rb6 18. b3 Rc8 19. Nf3 Ng4 20. Rd5 Nxf2
21. Nxe5 h6 22. Nxg6 Rxg6 23. Rd2 Re6 24. Rd7 Ne4 25. Bg4 Ree8 26. Nxe4 Rxe4
27. Rxa7 Rxg4 28. Rxa5 Rxg2 29. h4 Re8 0-1

[Event "DEM U12w 2017"]
[Site "Willingen GER"]
[Date "2017.06.09"]
[Round "10"]
[White "Avetyan, Manan"]
[Black "Derling, Charlotte"]
[Result "0-1"]
[Termination "normal"]
[Board "16"]
[WhiteElo "1284"]
[BlackElo "1073"]
[PlyCount "42"]
[WhiteFideId "16244737"]
[BlackFideId "16222237"]
[EventCountry "GER"]
[EventRounds "11"]
[EventType "swiss"]
[EventDate "2017.06.03"]

1. e4 e5 2. Nf3 Nc6 3. d4 exd4 4. Nxd4 Qh4 5. Nc3 Bb4 6. Qd3 Nf6 7. Bd2 a6 8.
Nf5 Qg4 9. h3 Qg6 10. O-O-O d6 11. Re1 Be6 12. g4 h6 13. Nd5 Bxd2+ 14. Qxd2
O-O-O 15. Qc3 Nxd5 16. exd5 Bxd5 17. Re7 Bxh1 18. b4 Qg5+ 19. Kb2 Nxe7 20.
Nxe7+ Qxe7 21. Qxg7 Qe5+ 0-1

[Event "DEM U12w 2017"]
[Site "Willingen GER"]
[Date "2017.06.09"]
[Round "10"]
[White "Petersen, Sophie"]
[Black "Gossing, Marie-Sophie"]
[Result "0-1"]
[Termination "normal"]
[Board "17"]
[WhiteElo "1498"]
[BlackElo "1033"]
[PlyCount "72"]
[WhiteFideId "16229380"]
[BlackFideId "16217284"]
[EventCountry "GER"]
[EventRounds "11"]
[EventType "swiss"]
[EventDate "2017.06.03"]

1. e4 e5 2. Bc4 Nf6 3. d3 d5 4. Bb3 dxe4 5. Nc3 Bb4 6. Nge2 Bg4 7. h3 Bh5 8.
O-O Bxc3 9. bxc3 Nc6 10. Ba3 Qd7 11. Re1 O-O-O 12. Qd2 exd3 13. cxd3 Ne4 14.
Qe3 Bxe2 15. Rxe2 Nxc3 16. Rc2 Nd5 17. Qg3 Nf4 18. Qg4 Qxg4 19. hxg4 Rxd3 20.
Bb2 f6 21. g3 Nh3+ 22. Kg2 Ng5 23. Rcc1 h5 24. Bc2 Rdd8 25. Bf5+ Kb8 26. Ba3
hxg4 27. Bxg4 Nd4 28. Rab1 e4 29. f4 exf3+ 30. Kf2 Rh2+ 31. Kf1 Rh1+ 32. Kf2
Rh2+ 33. Kf1 f5 34. Bxf5 Nxf5 35. g4 Ng3+ 36. Kg1 Rg2# 0-1

[Event "DEM U12w 2017"]
[Site "Willingen GER"]
[Date "2017.06.09"]
[Round "10"]
[White "Yakovleva, Lara"]
[Black "Gehrke, Gina Celina"]
[Result "0-1"]
[Termination "normal"]
[Board "19"]
[WhiteElo "944"]
[BlackElo "1435"]
[PlyCount "50"]
[WhiteFideId "16244788"]
[BlackFideId "16205979"]
[EventCountry "GER"]
[EventRounds "11"]
[EventType "swiss"]
[EventDate "2017.06.03"]

1. e4 c5 2. d4 cxd4 3. Qxd4 Nc6 4. Qa4 g6 5. Nf3 Bg7 6. Bb5 a6 7. Bxc6 bxc6 8.
Nc3 d6 9. O-O Bd7 10. Bf4 Nf6 11. e5 dxe5 12. Nxe5 c5 13. Nxd7 Qxd7 14. Qxd7+
Nxd7 15. Rfe1 e6 16. Re3 O-O 17. Rae1 Nf6 18. Ne4 Nxe4 19. Rxe4 Bxb2 20. Bh6
Rfb8 21. Rb1 Bg7 22. Rxb8+ Rxb8 23. Bd2 Rb2 24. Rc4 Rb1+ 25. Be1 Rxe1# 0-1

[Event "DEM U12w 2017"]
[Site "Willingen GER"]
[Date "2017.06.10"]
[Round "11"]
[White "Kalina, Lena"]
[Black "Ziegenfuß, Antonia"]
[Result "0-1"]
[Termination "normal"]
[Board "1"]
[WhiteElo "1454"]
[BlackElo "1911"]
[WhiteClock "00:26:21"]
[BlackClock "00:13:59"]
[PlyCount "54"]
[WhiteFideId "12988014"]
[BlackFideId "12962554"]
[EventCountry "GER"]
[EventRounds "11"]
[EventType "swiss"]
[EventDate "2017.06.03"]

1. d4 {[%clk 1:15:59]} 1... d5 {[%clk 1:15:55]} 2. Nf3 {[%clk 1:16:23]} 2... c6
{[%clk 1:16:06]} 3. c4 {[%clk 1:16:47]} 3... Nf6 {[%clk 1:16:28]} 4. cxd5 {
[%clk 1:17:00]} 4... cxd5 {[%clk 1:16:51]} 5. Nc3 {[%clk 1:17:21]} 5... Nc6 {
[%clk 1:17:06]} 6. Ne5 {[%clk 1:17:38]} 6... e6 {[%clk 1:13:35]} 7. e3 { [%clk
1:17:44]} 7... Bd6 {[%clk 1:12:28]} 8. f4 {[%clk 1:17:47]} 8... Bd7 { [%clk
1:10:03]} 9. Bd3 {[%clk 1:16:10]} 9... Rc8 {[%clk 1:03:58]} 10. O-O { [%clk
1:14:37]} 10... a6 {[%clk 0:59:05]} 11. a3 {[%clk 1:13:06]} 11... Na5 { [%clk
0:50:01]} 12. Bd2 {[%clk 1:01:42]} 12... Nc4 {[%clk 0:37:29]} 13. Rb1 { [%clk
1:01:09]} 13... b5 {[%clk 0:36:17]} 14. Qe2 {[%clk 0:56:27]} 14... Bc6 { [%clk
0:31:15]} 15. Be1 {[%clk 0:51:53]} 15... Bb7 {[%clk 0:27:52]} 16. Bh4 { [%clk
0:50:25]} 16... Be7 {[%clk 0:26:06]} 17. Bxf6 {[%clk 0:47:04]} 17... Bxf6
{[%clk 0:26:20]} 18. Qh5 {[%clk 0:45:29]} 18... g6 {[%clk 0:23:47]} 19. Qf3 {
[%clk 0:41:44]} 19... Nd2 {[%clk 0:21:40]} 20. Qe2 {[%clk 0:40:12]} 20... Nxb1
{[%clk 0:20:47]} 21. Rxb1 {[%clk 0:39:35]} 21... O-O {[%clk 0:20:31]} 22. g4 {
[%clk 0:35:45]} 22... Bxe5 {[%clk 0:18:31]} 23. fxe5 {[%clk 0:34:12]} 23... f6
{[%clk 0:17:19]} 24. exf6 {[%clk 0:32:02]} 24... Qxf6 {[%clk 0:17:04]} 25. h3 {
[%clk 0:29:54]} 25... e5 {[%clk 0:14:18]} 26. dxe5 {[%clk 0:28:13]} 26... Qxe5
{[%clk 0:14:39]} 27. Qg2 {[%clk 0:26:21]} 27... Qxe3+ {[%clk 0:13:59]} 0-1

[Event "DEM U12w 2017"]
[Site "Willingen GER"]
[Date "2017.06.10"]
[Round "11"]
[White "Oswald, Hannah"]
[Black "Heutling, Elina"]
[Result "0-1"]
[Termination "normal"]
[Board "2"]
[WhiteElo "1502"]
[BlackElo "1461"]
[WhiteClock "00:06:53"]
[BlackClock "00:19:21"]
[PlyCount "84"]
[WhiteFideId "16214960"]
[BlackFideId "16244729"]
[EventCountry "GER"]
[EventRounds "11"]
[EventType "swiss"]
[EventDate "2017.06.03"]

1. e4 {[%clk 1:15:58]} 1... e5 {[%clk 1:15:54]} 2. Nf3 {[%clk 1:16:22]} 2...
Nc6 {[%clk 1:16:20]} 3. Bc4 {[%clk 1:16:45]} 3... Bc5 {[%clk 1:16:45]} 4. O-O {
[%clk 1:16:56]} 4... Nf6 {[%clk 1:16:59]} 5. d4 {[%clk 1:17:01]} 5... Bxd4 {
[%clk 1:17:20]} 6. Nxd4 {[%clk 1:17:22]} 6... Nxd4 {[%clk 1:17:43]} 7. f4 {
[%clk 1:17:03]} 7... d6 {[%clk 1:17:51]} 8. fxe5 {[%clk 1:17:07]} 8... dxe5 {
[%clk 1:17:59]} 9. Bg5 {[%clk 1:16:02]} 9... Qe7 {[%clk 1:17:02]} 10. Na3 {
[%clk 1:13:39]} 10... Rg8 {[%clk 1:13:30]} 11. c3 {[%clk 1:04:39]} 11... Ne6 {
[%clk 1:13:13]} 12. Bxf6 {[%clk 1:04:43]} 12... gxf6 {[%clk 1:13:11]} 13. Kh1 {
[%clk 0:58:49]} 13... c6 {[%clk 1:05:42]} 14. Qf3 {[%clk 0:50:46]} 14... Rg6 {
[%clk 1:04:47]} 15. Rad1 {[%clk 0:47:40]} 15... Bd7 {[%clk 1:03:22]} 16. Qf2 {
[%clk 0:45:38]} 16... Nc5 {[%clk 0:55:56]} 17. Rfe1 {[%clk 0:36:08]} 17... Rg4
{[%clk 0:52:27]} 18. Qf3 {[%clk 0:29:32]} 18... Rf4 {[%clk 0:51:15]} 19. Qe3 {
[%clk 0:20:41]} 19... Rxe4 {[%clk 0:48:58]} 20. Qg3 {[%clk 0:18:23]} 20...
O-O-O {[%clk 0:45:16]} 21. Rxe4 {[%clk 0:17:28]} 21... Nxe4 {[%clk 0:45:24]}
22. Qe3 {[%clk 0:17:08]} 22... Bf5 {[%clk 0:42:13]} 23. Rxd8+ {[%clk 0:16:39]}
23... Qxd8 {[%clk 0:41:50]} 24. h3 {[%clk 0:14:25]} 24... Qd1+ {[%clk 0:37:22]}
25. Kh2 {[%clk 0:13:33]} 25... Qa1 {[%clk 0:27:58]} 26. Qxa7 {[%clk 0:11:20]}
26... Qxb2 {[%clk 0:27:49]} 27. Qa8+ {[%clk 0:10:36]} 27... Kc7 {[%clk 0:26:34]
} 28. Qa5+ {[%clk 0:10:20]} 28... Qb6 {[%clk 0:26:21]} 29. Qb4 {[%clk 0:09:09]}
29... c5 {[%clk 0:24:18]} 30. Qxb6+ {[%clk 0:09:15]} 30... Kxb6 {[%clk 0:24:40]
} 31. Bxf7 {[%clk 0:09:22]} 31... Nxc3 {[%clk 0:24:47]} 32. Nc4+ { [%clk
0:09:22]} 32... Kc7 {[%clk 0:23:38]} 33. a3 {[%clk 0:09:05]} 33... b5 { [%clk
0:21:37]} 34. Ne3 {[%clk 0:08:57]} 34... Bg6 35. Bxg6 {[%clk 0:07:39]} 35...
hxg6 {[%clk 0:20:59]} 36. Ng4 {[%clk 0:07:41]} 36... Ne4 37. Ne3 { [%clk
0:07:44]} 37... Kb6 {[%clk 0:19:25]} 38. Nd5+ {[%clk 0:07:40]} 38... Ka5 {[%clk
0:19:34]} 39. Ne3 Ka4 40. Nc2 {[%clk 0:07:55]} 40... Kb3 {[%clk 0:19:18] } 41.
Ne1 {[%clk 0:06:31]} 41... Kxa3 {[%clk 0:19:34]} 42. Nc2+ {[%clk 0:06:53] }
42... Kb3 {[%clk 0:19:21]} 0-1

[Event "DEM U12w 2017"]
[Site "Willingen GER"]
[Date "2017.06.10"]
[Round "11"]
[White "Reuter, Elisa"]
[Black "Bashylina, Luisa"]
[Result "1/2-1/2"]
[Termination "normal"]
[Board "3"]
[WhiteElo "1655"]
[BlackElo "1525"]
[WhiteClock "00:20:46"]
[BlackClock "00:27:37"]
[PlyCount "46"]
[WhiteFideId "12995444"]
[BlackFideId "12983292"]
[EventCountry "GER"]
[EventRounds "11"]
[EventType "swiss"]
[EventDate "2017.06.03"]

1. c4 {[%clk 1:15:59]} 1... e5 {[%clk 1:15:41]} 2. Nc3 {[%clk 1:16:25]} 2...
Nc6 {[%clk 1:15:24]} 3. Nf3 {[%clk 1:16:52]} 3... f5 {[%clk 1:15:06]} 4. d4 {
[%clk 1:17:14]} 4... e4 {[%clk 1:14:32]} 5. Ng5 {[%clk 1:17:38]} 5... Nf6 {
[%clk 1:12:38]} 6. e3 {[%clk 1:13:43]} 6... g6 {[%clk 1:10:59]} 7. Be2 { [%clk
1:08:33]} 7... Bg7 {[%clk 1:10:53]} 8. h4 {[%clk 1:08:00]} 8... h6 { [%clk
1:07:16]} 9. Nh3 {[%clk 1:08:07]} 9... d6 {[%clk 1:06:20]} 10. Nf4 { [%clk
1:07:51]} 10... Ne7 {[%clk 1:06:11]} 11. Rb1 {[%clk 0:54:11]} 11... c6 { [%clk
0:57:37]} 12. a3 {[%clk 0:48:12]} 12... Qc7 {[%clk 0:55:44]} 13. Qd2 { [%clk
0:38:25]} 13... Bd7 {[%clk 0:54:02]} 14. b4 {[%clk 0:37:31]} 14... Rb8 { [%clk
0:43:30]} 15. Bb2 {[%clk 0:33:07]} 15... O-O {[%clk 0:40:39]} 16. O-O { [%clk
0:32:18]} 16... Qc8 {[%clk 0:35:31]} 17. d5 {[%clk 0:22:26]} 17... c5 { [%clk
0:34:07]} 18. bxc5 {[%clk 0:22:42]} 18... Qxc5 {[%clk 0:33:22]} 19. Rfd1 {[%clk
0:20:54]} 19... Rfd8 {[%clk 0:29:05]} 20. Nb5 {[%clk 0:20:37]} 20... Ne8 {[%clk
0:27:41]} 21. Bxg7 {[%clk 0:20:39]} 21... Kxg7 {[%clk 0:28:01]} 22. Qd4+ {[%clk
0:20:22]} 22... Qxd4 {[%clk 0:28:10]} 23. Nxd4 {[%clk 0:20:46]} 23... Nc7
{[%clk 0:27:37]} 1/2-1/2

[Event "DEM U12w 2017"]
[Site "Willingen GER"]
[Date "2017.06.10"]
[Round "11"]
[White "Dietz, Kristin"]
[Black "Butenandt, Svenja"]
[Result "0-1"]
[Termination "normal"]
[Board "4"]
[WhiteElo "1733"]
[BlackElo "1473"]
[WhiteClock "00:55:26"]
[BlackClock "00:41:08"]
[PlyCount "108"]
[WhiteFideId "12993743"]
[BlackFideId "12993859"]
[EventCountry "GER"]
[EventRounds "11"]
[EventType "swiss"]
[EventDate "2017.06.03"]

1. e4 {[%clk 1:15:57]} 1... d5 {[%clk 1:15:57]} 2. exd5 {[%clk 1:16:07]} 2...
Qxd5 {[%clk 1:16:22]} 3. Nc3 {[%clk 1:16:14]} 3... Qd8 {[%clk 1:16:48]} 4. d4 {
[%clk 1:15:17]} 4... Nf6 {[%clk 1:17:13]} 5. h3 {[%clk 1:14:17]} 5... Bf5 {
[%clk 1:17:07]} 6. Be3 {[%clk 1:13:44]} 6... e6 {[%clk 1:16:51]} 7. Nf3 { [%clk
1:13:49]} 7... c6 {[%clk 1:16:55]} 8. Bc4 {[%clk 1:13:29]} 8... Be7 { [%clk
1:16:47]} 9. O-O {[%clk 1:13:17]} 9... O-O {[%clk 1:17:09]} 10. Qe2 { [%clk
1:13:02]} 10... h6 {[%clk 1:16:20]} 11. Rad1 {[%clk 1:10:56]} 11... Nbd7 {[%clk
1:16:18]} 12. Bb3 {[%clk 1:11:01]} 12... Nd5 {[%clk 1:15:57]} 13. Bd2 { [%clk
1:09:46]} 13... Bb4 {[%clk 1:11:26]} 14. Nxd5 {[%clk 1:07:08]} 14... Bxd2
{[%clk 1:11:44]} 15. Ne3 {[%clk 1:05:52]} 15... Bxe3 {[%clk 1:11:44]} 16. fxe3
{[%clk 1:05:50]} 16... Nf6 {[%clk 1:10:18]} 17. Nd2 {[%clk 1:02:53]} 17... Ne4
{[%clk 1:02:52]} 18. Nxe4 {[%clk 1:03:10]} 18... Bxe4 {[%clk 1:03:12]} 19. c4 {
[%clk 1:03:12]} 19... a6 {[%clk 0:57:35]} 20. Bc2 {[%clk 1:00:22]} 20... Bxc2 {
[%clk 0:57:54]} 21. Qxc2 {[%clk 1:00:43]} 21... Qc7 {[%clk 0:55:47]} 22. e4 {
[%clk 1:00:00]} 22... Rad8 {[%clk 0:54:51]} 23. Qb3 {[%clk 0:58:11]} 23... Rd7
{[%clk 0:49:20]} 24. Rf2 {[%clk 0:55:31]} 24... Rfd8 {[%clk 0:48:32]} 25. Rfd2
{[%clk 0:55:39]} 25... Qf4 {[%clk 0:46:49]} 26. Qf3 {[%clk 0:53:20]} 26... Qxf3
{[%clk 0:45:54]} 27. gxf3 {[%clk 0:53:41]} 27... Kf8 {[%clk 0:43:39]} 28. Kf2 {
[%clk 0:53:48]} 28... Ke7 {[%clk 0:44:04]} 29. Ke3 {[%clk 0:54:07]} 29... Kd6 {
[%clk 0:42:23]} 30. d5 {[%clk 0:53:32]} 30... Kc5 {[%clk 0:41:24]} 31. dxc6 {
[%clk 0:53:42]} 31... Rxd2 {[%clk 0:41:42]} 32. Rxd2 {[%clk 0:54:06]} 32...
Rxd2 {[%clk 0:42:07]} 33. Kxd2 {[%clk 0:54:28]} 33... bxc6 {[%clk 0:42:18]} 34.
Kc3 {[%clk 0:54:54]} 34... a5 {[%clk 0:42:30]} 35. a3 {[%clk 0:55:16]} 35... a4
{[%clk 0:41:02]} 36. b3 {[%clk 0:55:12]} 36... axb3 {[%clk 0:41:22]} 37. Kxb3 {
[%clk 0:55:38]} 37... e5 {[%clk 0:41:36]} 38. a4 {[%clk 0:55:47]} 38... Kb6 {
[%clk 0:41:55]} 39. Kb4 {[%clk 0:56:07]} 39... c5+ {[%clk 0:42:06]} 40. Kb3 {
[%clk 0:56:17]} 40... Ka5 {[%clk 0:42:24]} 41. h4 {[%clk 0:55:25]} 41... h5 {
[%clk 0:42:12]} 42. Kc2 {[%clk 0:53:09]} 42... Kxa4 {[%clk 0:41:37]} 43. Kd3 {
[%clk 0:52:50]} 43... Kb3 {[%clk 0:40:31]} 44. f4 {[%clk 0:52:16]} 44... exf4 {
[%clk 0:40:30]} 45. e5 {[%clk 0:52:42]} 45... f3 {[%clk 0:40:16]} 46. Ke3 {
[%clk 0:53:06]} 46... Kxc4 {[%clk 0:40:41]} 47. Kxf3 {[%clk 0:53:30]} 47... Kd3
{[%clk 0:40:54]} 48. Kf4 {[%clk 0:53:45]} 48... c4 {[%clk 0:41:02]} 49. Kg5 {
[%clk 0:53:43]} 49... c3 {[%clk 0:41:10]} 50. e6 {[%clk 0:53:59]} 50... fxe6 {
[%clk 0:41:30]} 51. Kxh5 {[%clk 0:54:24]} 51... c2 {[%clk 0:41:43]} 52. Kg6 {
[%clk 0:54:51]} 52... c1=Q {[%clk 0:42:06]} 53. Kxg7 {[%clk 0:55:11]} 53... Qh1
{[%clk 0:40:52]} 54. Kf6 {[%clk 0:55:26]} 54... Qxh4+ {[%clk 0:41:08]} 0-1

[Event "DEM U12w 2017"]
[Site "Willingen GER"]
[Date "2017.06.10"]
[Round "11"]
[White "Breß, Amy Charlize"]
[Black "Liu, Sijia Anna"]
[Result "1-0"]
[Termination "normal"]
[Board "6"]
[WhiteElo "1655"]
[BlackElo "1529"]
[WhiteClock "00:13:56"]
[BlackClock "00:20:52"]
[PlyCount "123"]
[WhiteFideId "16233786"]
[BlackFideId "12989746"]
[EventCountry "GER"]
[EventRounds "11"]
[EventType "swiss"]
[EventDate "2017.06.03"]

1. e4 {[%clk 1:15:58]} 1... c5 {[%clk 1:15:53]} 2. Nf3 {[%clk 1:16:17]} 2... e6
{[%clk 1:16:02]} 3. d4 {[%clk 1:16:15]} 3... cxd4 {[%clk 1:16:24]} 4. Nxd4 {
[%clk 1:16:30]} 4... Nf6 {[%clk 1:16:00]} 5. Nc3 {[%clk 1:13:00]} 5... d6 {
[%clk 1:14:32]} 6. Be2 {[%clk 1:00:15]} 6... a6 {[%clk 1:10:53]} 7. Be3 { [%clk
0:58:33]} 7... Be7 {[%clk 1:10:59]} 8. O-O {[%clk 0:58:50]} 8... O-O { [%clk
1:10:45]} 9. f4 {[%clk 0:58:14]} 9... Qc7 10. Qe1 {[%clk 0:56:15]} 10... Nc6
{[%clk 1:06:18]} 11. Qg3 {[%clk 0:54:48]} 11... Rd8 {[%clk 0:57:50]} 12. h4
{[%clk 0:45:28]} 12... b5 {[%clk 0:51:06]} 13. a3 {[%clk 0:44:05]} 13... Bb7 {
[%clk 0:47:36]} 14. Qh2 {[%clk 0:42:43]} 14... Nxd4 {[%clk 0:45:14]} 15. Bxd4 {
[%clk 0:42:42]} 15... Nxe4 {[%clk 0:44:33]} 16. Nxe4 {[%clk 0:41:26]} 16...
Bxe4 {[%clk 0:44:44]} 17. Qg3 {[%clk 0:41:19]} 17... f6 {[%clk 0:37:52]} 18. c3
{[%clk 0:34:03]} 18... e5 {[%clk 0:32:39]} 19. fxe5 {[%clk 0:28:16]} 19... dxe5
{[%clk 0:31:40]} 20. Be3 {[%clk 0:27:46]} 20... Bc5 {[%clk 0:24:34]} 21. Qf2 {
[%clk 0:24:15]} 21... Qb6 {[%clk 0:23:30]} 22. Bxc5 {[%clk 0:24:07]} 22... Qc6
{[%clk 0:22:01]} 23. Be3 {[%clk 0:19:28]} 23... Rd6 {[%clk 0:21:18]} 24. Bf3 {
[%clk 0:18:16]} 24... Rd3 {[%clk 0:20:39]} 25. Rad1 {[%clk 0:15:12]} 25... Rad8
{[%clk 0:20:38]} 26. Rxd3 {[%clk 0:14:25]} 26... Rxd3 {[%clk 0:21:02]} 27. Bxe4
{[%clk 0:13:36]} 27... Qxe4 {[%clk 0:21:27]} 28. Re1 {[%clk 0:13:34]} 28... Qd5
{[%clk 0:21:09]} 29. Qf3 {[%clk 0:12:14]} 29... Qxf3 {[%clk 0:20:37]} 30. gxf3
{[%clk 0:12:37]} 30... Kf7 {[%clk 0:20:42]} 31. Kf2 {[%clk 0:12:44]} 31... Ke6
{[%clk 0:20:39]} 32. Ke2 {[%clk 0:12:52]} 32... Rd7 {[%clk 0:20:51]} 33. Rd1 {
[%clk 0:13:13]} 33... Rxd1 {[%clk 0:20:50]} 34. Kxd1 {[%clk 0:13:04]} 34... Kf5
{[%clk 0:21:14]} 35. Ke2 {[%clk 0:13:47]} 35... g5 {[%clk 0:21:27]} 36. hxg5 {
[%clk 0:14:12]} 36... fxg5 {[%clk 0:21:52]} 37. Kf2 {[%clk 0:14:31]} 37... g4 {
[%clk 0:21:54]} 38. Kg3 {[%clk 0:14:19]} 38... gxf3 {[%clk 0:22:12]} 39. Kxf3 {
[%clk 0:14:43]} 39... e4+ {[%clk 0:21:27]} 40. Kg3 {[%clk 0:15:02]} 40... Ke5 {
[%clk 0:21:33]} 41. b3 {[%clk 0:15:04]} 41... Kf5 {[%clk 0:20:34]} 42. c4 {
[%clk 0:15:15]} 42... bxc4 {[%clk 0:20:47]} 43. bxc4 {[%clk 0:15:39]} 43... Ke5
{[%clk 0:21:12]} 44. c5 {[%clk 0:15:50]} 44... Ke6 {[%clk 0:21:07]} 45. Kf4 {
[%clk 0:16:04]} 45... Kd5 {[%clk 0:21:32]} 46. Kf5 {[%clk 0:14:59]} 46... a5 {
[%clk 0:19:32]} 47. a4 {[%clk 0:12:14]} 47... h6 {[%clk 0:19:40]} 48. Kg6 {
[%clk 0:12:36]} 48... Ke5 {[%clk 0:19:47]} 49. Kxh6 {[%clk 0:12:29]} 49... Kd5
{[%clk 0:19:40]} 50. Kh5 {[%clk 0:12:24]} 50... Kc6 {[%clk 0:19:31]} 51. Kg5 {
[%clk 0:12:37]} 51... Kd5 {[%clk 0:19:33]} 52. Kf5 {[%clk 0:12:58]} 52... Kc6 {
[%clk 0:19:55]} 53. Kxe4 {[%clk 0:13:16]} 53... Kb7 {[%clk 0:20:11]} 54. Kd5 {
[%clk 0:13:12]} 54... Kc7 {[%clk 0:20:32]} 55. c6 {[%clk 0:13:30]} 55... Kb8 {
[%clk 0:20:31]} 56. Bf4+ {[%clk 0:13:18]} 56... Kc8 {[%clk 0:20:50]} 57. c7 {
[%clk 0:13:18]} 57... Kb7 {[%clk 0:20:37]} 58. Kd6 {[%clk 0:13:27]} 58... Kc8 {
[%clk 0:20:57]} 59. Ke7 {[%clk 0:13:47]} 59... Kb7 {[%clk 0:21:16]} 60. Kd7 {
[%clk 0:13:56]} 60... Ka7 {[%clk 0:20:52]} 61. c8=Q Kb6 62. Be3# 1-0